| 000 | 01014nam a2200217Ia 4500 | ||
|---|---|---|---|
| 999 |
_c36518 _d36518 |
||
| 001 | 2436 | ||
| 003 | GE_BSU | ||
| 005 | 20210216143750.0 | ||
| 008 | 181216s2009||||ge |||||||||||||| ||geo|| | ||
| 040 | _cGE_BSU | ||
| 041 | _ageo | ||
| 080 | _a327.7 ე–35 | ||
| 245 |
_aევროკავშირი და საქართველო.მიმდინარე საკითხები და მომავლის პერსპექტივები. _cრედ.კახა გოგოლაშვილი, სერგი კაპანაძე. |
||
| 264 |
_aთბილისი, _c2009. |
||
| 300 |
_a187 გვ.; _b22 სმ. |
||
| 653 | _aევროკავშირი | ||
| 653 | _aსაქართველოს ევროინტეგრაცია | ||
| 700 |
_aგოგოლაშვილი, კახა _eრედაქტორი _92155 |
||
| 700 |
_aკაპანაძე, სერგი _eრედაქტორი _910130 |
||
| 942 |
_cBK _2udc |
||